La búsqueda del sujeto Social/
Na minha lista:
| Autor Corporativo: | |
|---|---|
| Formato: | Livro |
| Idioma: | Spanish |
| Publicado em: |
México
Equipo Pueblo
|
| Tags: |
Adicionar Tag
Sem tags, seja o primeiro a adicionar uma tag!
|
MARC
| LEADER | 00000nam a22000007a 4500 | ||
|---|---|---|---|
| 003 | cru CRAIS/IIS | ||
| 005 | 20211103090840.0 | ||
| 008 | 211103b |||||||| |||| 00| 0 spa d | ||
| 040 | |c CRAIS/IIS | ||
| 082 | |a 05.03.07 P976b | ||
| 110 | |9 10121 |a Equipo Pueblo | ||
| 245 | |a La búsqueda del sujeto Social/ | ||
| 260 | |a México |b Equipo Pueblo | ||
| 300 | |a 98p. | ||
| 942 | |2 ddc |c LI |h 05.03.07 |6 050307 | ||
| 999 | |c 43944 |d 43944 | ||
